000 01078cab a2200205 4500
001 ABS39650
008 090401t1987 xxu||||| |||| 00| 0 eng d
035 _a(Sirsi) u18013
041 _aeng
100 _aRowan-Robinson, I
245 _aNational planning guidelines and strategic planning
260 _c1987
350 _a0
490 _aTown Planning Review
_v58(4) October 1987, 369-381(13)
520 _aNational planning guidelines prepared and issued by the Scottish Development Department define land-based resources or potential for development which are of national significance. The recent report of the Committee of Inquiry into Town and Country Planning appointed by the Nuffield Foundation recommends their adoption, suitably amended in England and Wales. The article examines the evolution and objectives of the guidelines and identifies two broad categories of guideline in practice. These are the zoning and policy guidelines. (Journal abstract)
690 _aPLANNING LAW AND PRACTICE
700 _aElliott, R.G.
942 _n0
948 _c04/03/1997
999 _c11944
_d11944